Applying music in exercise and sports/ (Record no. 2401)
[ view plain ]
| 000 -LEADER | |
|---|---|
| fixed length control field | 00605nam a22001937a 4500 |
| 003 - CONTROL NUMBER IDENTIFIER | |
| control field | OSt |
| 005 - DATE AND TIME OF LATEST TRANSACTION | |
| control field | 20260422064007.0 |
| 008 - FIXED-LENGTH DATA ELEMENTS--GENERAL INFORMATION | |
| fixed length control field | 240718b |||||||| |||| 00| 0 eng d |
| 020 ## - INTERNATIONAL STANDARD BOOK NUMBER | |
| International Standard Book Number | 97849251381 |
| 040 ## - CATALOGING SOURCE | |
| Original cataloging agency | DWC- Main Lib |
| Transcribing agency | OC |
| 082 ## - DEWEY DECIMAL CLASSIFICATION NUMBER | |
| Classification number | Circ. 781.5 K36 2017 |
| 100 ## - MAIN ENTRY--PERSONAL NAME | |
| Personal name | Karageorgis, Costas I. |
| 245 ## - TITLE STATEMENT | |
| Title | Applying music in exercise and sports/ |
| Statement of responsibility, etc. | Costas I. Karageorgis. |
| 260 ## - PUBLICATION, DISTRIBUTION, ETC. | |
| Place of publication, distribution, etc. | UK: |
| Name of publisher, distributor, etc. | Human Kinetics, |
| Date of publication, distribution, etc. | c2017. |
| 300 ## - PHYSICAL DESCRIPTION | |
| Extent | xx, 244 pages : |
| Other physical details | illustrations ; |
| Dimensions | 28 cm. |
| 504 ## - BIBLIOGRAPHY, ETC. NOTE | |
| Bibliography, etc. note | Includes bibliographical references and index. |
| 650 ## - SUBJECT ADDED ENTRY--TOPICAL TERM | |
| Topical term or geographic name entry element | 1. Music and sports |
| 942 ## - ADDED ENTRY ELEMENTS (KOHA) | |
| Source of classification or shelving scheme | Dewey Decimal Classification |
| Koha item type | Book Circulation |
| Suppress in OPAC | Yes |
| 952 ## - LOCATION AND ITEM INFORMATION (KOHA) | |
| -- | |
| Withdrawn status | Lost status | Source of classification or shelving scheme | Damaged status | Not for loan | Home library | Current library | Date acquired | Source of acquisition | Total Checkouts | Full call number | Barcode | Date last seen | Copy number | Price effective from | Koha item type | Uniform Resource Identifier |
|---|---|---|---|---|---|---|---|---|---|---|---|---|---|---|---|---|
| Dewey Decimal Classification | College Library | College Library | 09/25/2019 | School Fund | Circ. 781.5 K36 2017 | CL52144 | 07/18/2024 | c1 | 07/18/2024 | BK-CIRC |